00398cam a2200169ua 450000100060000000800390000602000180004504000090006304100080007208200080008010000270008824500210011525000130013626000330014930000100018265300360019211256190905n ii |||gr||||Z||||||eng a9788131761014 cMAIN aeng a339 aErrol Dsouza,eAuthor. acBy Errol Dsouza a1st imp. aTamil Nadu:bPearson,c2012. a427p. aMacroeconomics & related topics